Walden, aneb, Život v lesích /

Hlavní autor: Thoreau, Henry David, 1817-1862
Jazyk: Čeština
Vydáno: Praha ; Litomyšl : Paseka, [2006]
Vydání: Vyd. 6., V tomto překladu 2.
Témata:
Externí odkaz: Digitalizovaný dokument
Fyzický popis: 306 s. ; 21 cm
Knihy
Uloženo v:
LEADER 02577cam a2200697 a 4500
001 nkc20061658929
003 CZ PrNK
005 20110310085555.0
007 ta
008 060605s2006 xr g 000 facze d
015 |a cnb001658929 
020 |a 80-7185-671-1  |q (váz.) 
035 |a (OCoLC)85548540 
040 |a KLG001  |b cze  |d BOA001  |d OLA001  |d ABA001 
041 1 |a cze  |h eng 
043 |a n-us-ma 
045 |a w4w4 
072 7 |a 821.111(73)-3  |x Americká próza  |2 Konspekt  |9 25 
072 7 |a 929  |x Biografie  |2 Konspekt  |9 8 
080 |a 821.111(73)-3  |2 MRF 
080 |a 821.111(73)-051  |2 MRF 
080 |a 101-051  |2 MRF 
080 |a 929  |2 MRF 
080 |a 910.4  |2 MRF 
080 |a 502.1  |2 MRF 
080 |a 113/119  |2 MRF 
080 |a (734.4)  |2 MRF 
080 |a (0:82-322.6)  |2 MRF 
100 1 |a Thoreau, Henry David,  |d 1817-1862  |7 jn20000605316  |4 aut 
240 1 0 |a Walden.  |l Česky  |7 aun2010608958 
245 1 0 |a Walden, aneb, Život v lesích /  |c Henry David Thoreau ; [přeložil Josef Schwarz ; doslov Josef Jařab] 
246 3 0 |a Život v lesích 
250 |a Vyd. 6., V tomto překladu 2. 
260 |a Praha ;  |a Litomyšl :  |b Paseka,  |c [2006] 
300 |a 306 s. ;  |c 21 cm 
500 |a Přeloženo z angličtiny 
600 1 7 |a Thoreau, Henry David,  |d 1817-1862  |7 jn20000605316  |2 czenas 
648 7 |a 19. století  |7 ch460557  |2 czenas 
648 4 |a 1817-1862 
648 4 |a 1845-1847 
650 0 7 |a američtí spisovatelé  |7 ph117171  |y 19. století  |2 czenas 
650 0 7 |a filozofové  |7 ph117191  |z Spojené státy americké  |y 19. století  |2 czenas 
650 0 7 |a cesty a pobyt  |7 ph137578  |z Massachusetts  |2 czenas 
650 0 7 |a člověk a příroda  |7 ph116877  |2 czenas 
650 0 7 |a filozofie přírody  |7 ph131774  |2 czenas 
650 0 9 |a American authors  |y 19th century  |2 eczenas 
650 0 9 |a philosophers  |z United States  |y 19th century  |2 eczenas 
650 0 9 |a voyages and travels  |z Massachusetts  |2 eczenas 
650 0 9 |a man and nature  |2 eczenas 
650 0 9 |a philosophy of nature  |2 eczenas 
655 7 |a americké prózy  |7 fd131794  |2 czenas 
655 7 |a autobiografické prózy  |7 fd131850  |2 czenas 
655 9 |a American prose  |2 eczenas 
655 9 |a autobiographical prose  |2 eczenas 
765 0 |t Walden, or, Life in the woods  |9 Česky 
856 4 1 |u http://www.digitalniknihovna.cz/mzk/uuid/uuid:94846e90-9372-11e5-a715-005056827e52  |y Digitalizovaný dokument  |x NDK 
910 2 |a BOA001  |b 2-1171.057 
990 |a BK 
995 |a 01 
991 |b 200607 
996 6 |b 2610283995  |c 2-1171.057  |l MZK  |r Sklad / do 1 hodiny  |n 24  |p p.v.  |w 000820606  |u 000010  |a 1  |e BOA001  |j MZK50  |s P